000 00399cam a2200145ua 4500
003 OSt
008 250823b |||||||| |||| 00| 0 eng d
041 _aeng
082 _a628
_bVIN/TE
100 _aVinayak, N Gharpure .
_96623
245 _aText book of sanitary engineering theory design and practice /
260 _aMumbai :
_bEngineering Book Co. ,
_c1965.
300 _a436 ; .
942 _cBK
999 _c10353
_d10353